Sports Quiz

Random Sports or Football Quiz
Score 0/10 Timer 10:00
0 Plays Today
Saison (nombre de passes - club) Joueur % Correct
2014-2015 (16 - Marseille)Dimitri Payet
89.3%
2017-2018 (13 - PSG)Neymar
82.1%
2011-2012 (15 - Lille)Eden Hazard
75%
2010-2011 (17 - Sochaux)Marvin Martin
73.2%
2015-2016 (18 - PSG)Angel Di Maria
67.9%
2018-2019 (13 - Nîmes)Teji Savanier
67.9%
2019-2020 (14 - PSG)Angel Di Maria
67.9%
2012-2013 (12 - Marseille)Mathieu Valbuena
55.4%
2013-2014 (12 - Monaco)James Rodriguez
55.4%
2016-2017 (12 - Marseille)Morgan Sanson
46.4%
Remove Ads.
Support Sporcle.
Get the best of Sporcle when you Go Orange. This ad-free experience offers more features, more stats, and more fun while also helping to support Sporcle. Thank you for becoming a member.

You're not logged in!

Compare scores with friends on all Sporcle quizzes.
OR
Log In

Sporcle TV

Today on Sporcle TV


Watch our educational content, quiz creation guides, and fun videos on Sporcle TV.

Show Comments

Extras

Top Quizzes Today


Score Distribution

Paid Content

Your Account Isn't Verified!

In order to create a playlist on Sporcle, you need to verify the email address you used during registration. Go to your Sporcle Settings to finish the process.

Report this User

Report this user for behavior that violates our Community Guidelines.

Details: